000 01098nam a22003377a 4500
003 CHAP
005 20220329134829.0
008 971013s1953 r 00010 d
010 _a26634
011 _a27606
035 _a31707
040 _cCHAP
090 _aFolleto 2294
100 0 0 _aItié Cantelue, Gabriel.
_960685
245 _aCultivo del cacahuate
260 _aMéxico, D.F. ; Ediciones Mexicanas,
_c1953
300 _a31 p
500 _ac.6 en bodega
590 _aBATCH-UPD
_b10
_c20130110
_lUCH01
_h1846
590 _aBATCH-UPD
_b10
_c20130410
_lUCH01
_h1216
590 _aBATCH-UPD
_b10
_c20130914
_lUCH01
_h0802
590 _aCONVERSION
_b10
_c20130109
_lUCH01
_h1315
650 1 4 _aCacahuate.
_916848
901 _aBK
942 _cFOLL
949 _aFolleto 2294
_bBC
_cFOLL
_d-73366
_eTS1
_i31707
_mD
_si
949 _aFolleto 2294
_bBC
_cFOLL
_d-73367
_eTS2
_fc.2
_i31707
_mD
_si
949 _aFolleto 2294
_bBC
_cFOLL
_d-73368
_eTS2
_fc.3
_i31707
_mD
_si
949 _aFolleto 2294
_bBC
_cFOLL
_d-73369
_eTS2
_fc.4
_i31707
_mD
_si
949 _aFolleto 2294
_bBC
_cFOLL
_d-73371
_eTS2
_fc.5
_i31707
_mD
_si
999 _c26634
_d26634